| 000 | 01886cam a2200325 i 4500 | ||
|---|---|---|---|
| 001 | 18033526 | ||
| 003 | EG-ScBUE | ||
| 005 | 20250714095946.0 | ||
| 008 | 140206t2014 fluadk f b 001 0 eng d | ||
| 020 | _a9781466517356 (hardback : acidfree paper) | ||
| 020 | _a1466517352 (hardback : acidfree paper) | ||
| 040 |
_aDLC _beng _erda _cDLC _dDLC _dEG-ScBUE |
||
| 082 | 0 | 4 |
_a541.3610287 _bMIS _222 |
| 100 | 1 |
_aMishra, D. P. _c(Aerospace engineer) _eauthor. _938320 |
|
| 245 | 1 | 0 |
_aExperimental combustion : _ban introduction / _cD. P. Mishra. |
| 264 | 1 |
_aBoca Raton : _bCRC Press/ Taylor & Francis Group, _c[2014] |
|
| 264 | 4 | _cc2014 | |
| 300 |
_axxvii, 361 pages : _bcharts, form, tables ; _c24 cm. |
||
| 336 |
_2rdacontent _atext _btxt |
||
| 337 |
_2rdamedia _aunmediated _bn |
||
| 338 |
_2rdacarrier _avolume _bnc |
||
| 504 | _aIncludes bibliographical references and index. | ||
| 520 | _a"This book explains fundamentals essential for carrying out the experiments and analyzing and interpreting the results and, detailed description and methodology of the individual experiments. First part of the book covers fundamentals of combustion, details of instruments used in combustion experiments with end of the chapter worked out examples. The second part of the book deals with individual experiments pertaining to combustion and spray. The objective of conducting the particular experiment is stated clearly with the underlying theory behind it, and the experimental procedure to arrive at the results is given in a practical, pedagogical way. Besides this, all the relevant information about the construction of experimental setup is also discussed extensively"-- | ||
| 650 | 7 |
_aCombustion _xExperiments. _2BUEsh |
|
| 650 | 7 |
_aCombustion engineering _xResearch. _2BUEsh |
|
| 651 | _2BUEsh | ||
| 653 |
_bENGGEN _cJune2015 _cAugust2015 |
||
| 655 | _vReading book | ||
| 942 |
_2ddc _cBB |
||
| 999 |
_c19590 _d19562 |
||